000 01828nkm a2200397 i 4500
001 3570
003 ES-MaACL
005 20250713062750.0
007 khrbo
008 051118s1985 sp --- g |001||spa d
100 0 _aAlfonso,
_d1902-1990
_919858
245 1 0 _aMesa redonda sobre "Los conversos" de Solly Wolodarsky [
_hFotografía] /
_cAlfonso (sello).
260 _a[S.l. :
_bs.n.],
_c1985.
300 _a5 fot. :
_bb. y n. ;
_c12 x 18 cm.
490 1 _a"Los Conversos" de Solly Wolodarsky
500 _aDatos basados en invitación.
511 0 _aIntervienen: José Luis Lacave, Elena Romero, Joseph Silberman, Carmen Rico Godoy, Max Mazin, José Monleón, Ignacio Amestoy, Jorge Eines.
518 _aActo organizado por la Sección de Teatro del Ateneo de Madrid en colaboración con la librería de teatro "La Avispa" y la Asociación de Amistad España-Israel, celebrado en el salón de actos el viernes, 25 de enero de 1985, a las 20:00 h.
600 1 4 _aLacave, José Luis.
_969347
600 1 4 _aRomero, Elena,
_d1942-
_999318
600 1 4 _aSilberman, Joseph.
_9106331
600 1 4 _aRico-Godoy, Carmen.
_997025
600 1 4 _aMazin, Max.
_979478
600 1 4 _aMonleón, José,
_d1927-2016
_982230
600 1 4 _aAmestoy Eguiguren, Ignacio,
_d1947-
_921210
600 1 4 _aEines, Jorge.
_946835
600 1 4 _aGonsálvez, Marta María.
_958257
610 2 4 _aAteneo de Madrid-
_xActos culturales-
_y1985-
_vFotografías.
_91900
710 2 _aAteneo de Madrid.
_bSección de Teatro.
_92010
710 2 _aLa Avispa (Madrid)
_95450
710 2 _aAsociación de Amistad España-Israel.
_91560
830 0 _a"Los Conversos" de Solly Wolodarsky
_9176845
852 _aES-MaACL
_jFOT 134/1985
856 4 _uhttp://www.ateneodemadrid.net/biblioteca_digital/imagenes/1985/0134-1985.jpg
_zVer imagen
999 _c3570
_d3570